000 00518nam a2200205Ia 4500
003 LK-CoDNM
005 20241203144122.0
008 010623t1994 xxu||||| |||| 00| 1 sin d
040 _aLK-CoDNM
_dLK-CoDNM
_eLK-CoDNM
041 _asin
080 _a294.3
_bANA
100 _aAnandamaitreeya himi, Balangoda
245 _aආනාපාන සති භාවනාව
246 _aAnapana Sati Bhawanawa
260 _c1994
300 _b26p. ; 21 cm
650 _aBuddhism
650 _a1994
942 _cBK
999 _c116522
_d116522